Guess The MC Horror Entity From The Picture: Cave Dweller Edition - Statistics

General Stats
  • This quiz has been taken 24 times
  • The average score is 7 of 16
Answer Stats
Picture Answer % Correct
Cave Dweller
100%
Cave Dweller Reimagined
62%
The Pale Hound
54%
Cartoon Dweller
46%
The Bread Dweller
46%
The Corpse Stalker
46%
The Nightmare
46%
Cave Prowler
38%
The Amalgamation
38%
The Damaged Dweller
38%
The Dark Dweller
38%
The Demonic Watcher
38%
The Hidden Shadow
38%
The Nightmare Stalker
31%
Badly Injured Dweller
23%
Multi Dweller
23%
No matching quizzes found
Score Distribution
Percent of People with Each Score
Percentile by Number Answered
Your Score History
You have not taken this quiz